Curso Práctico de Mercadotecnia: Investigación de Mercados /

Guardado en:
Detalles Bibliográficos
Autor principal: Harris, E. Edward (autor)
Formato: Libro
Idioma:Español
Temas:
Etiquetas: Agrega una etiqueta
Sin etiquetas, Sé el primero en etiquetar este registro!

MARC

LEADER 00000nam^a2200000^a^4500
001 000028623
005 20250521000000.0
009 20260310084853.642
020 |a 968-451-455-7 
037 |a Acervo ITESO - Biblioteca 
041 |a ESP 
082 |a 658. 8  |b CUR V. 1 
100 |a Harris, E. Edward  |e (autor) 
245 1 0 |a Curso Práctico de Mercadotecnia: Investigación de Mercados /  |c E.E. Harris; Eugene L. Dorr (consultor ed.).; tr. por: Hortensia Corona Rodríguez. 
264 |a México :  |b McGraw-Hill,  |c 1984 
300 |a 10 v. 
336 |a texto  |b txt  |2 rdacontenido 
337 |a sin mediación  |b n  |2 rdamedio 
338 |a volumen  |b nc  |2 rdasoporte 
649 |a XX 
650 |a Ciencias Administrativas 
650 |a Mercado -  |x Análisis 
650 |a Mercadotecnia 
650 |a Mercado -  |x Análisis 
650 |a Investigación de Mercado 
910 |a Fondo General 
920 |a Impresos - Libros 
930 |a Obras de Referencia 
905 |a 102 
901 |a 0286230100  |b IT2  |c REF  |i 028623  |u 20250521 
902 |a https://opac.biblio.iteso.mx/vufind/Record/000028623